| Tag |
First Indicator |
Second Indicator |
Subfields |
| LEADER |
00000pam a2200000 a 4500 |
| 001 |
in00000071943 |
| 005 |
20160108111229.0 |
| 008 |
800623r1980 nyua 00011 engm |
| 010 |
|
|
|a 80082169
|
| 020 |
|
|
|a 083178797X :
|c $17.95
|
| 020 |
|
|
|a 0831787988 (pbk.) :
|c $11.95
|
| 035 |
|
|
|a (OCoLC)06530567
|
| 035 |
|
|
|9 AAK0296AM
|
| 040 |
|
|
|a DLC
|c DLC
|d m.c.
|d TXA
|d UtOrBLW
|
| 049 |
|
|
|a TXAS
|c [1422183]
|
| 050 |
0 |
0 |
|a PR6055.D89
|b T6 1980
|
| 082 |
0 |
|
|a 823/.914
|
| 100 |
1 |
|
|a Edwards, Malcolm,
|d 1949-
|
| 245 |
1 |
0 |
|a Tour of the universe :
|b the journey of a lifetime : the recorded diaries of Leio Scott and Caroline Luranski /
|c Malcolm Edwards, Robert Holdstock.
|
| 250 |
|
|
|a 1st American ed.
|
| 264 |
|
1 |
|a New York :
|b Mayflower Books,
|c [1980]
|
| 264 |
|
4 |
|c ©1980
|
| 300 |
|
|
|a approximately 150 pages :
|b color illustrations ;
|c 30 cm.
|
| 336 |
|
|
|a text
|b txt
|2 rdacontent
|
| 337 |
|
|
|a unmediated
|b n
|2 rdamedia
|
| 338 |
|
|
|a volume
|b nc
|2 rdacarrier
|
| 500 |
|
|
|a Originally published: London : Pierrot.
|
| 700 |
1 |
|
|a Holdstock, Robert.
|
| 999 |
|
|
|a MARS
|
| 999 |
f |
f |
|s a2a195a0-8efc-3c74-abed-75bb8113d3fa
|i dcf40295-411c-39b2-9e02-9e5c79df84c0
|t 0
|
| 952 |
f |
f |
|p noncirc
|a Texas A&M University
|b College Station
|c Cushing Memorial Library & Archives
|d Cushing: Science Fiction (Does not check out)
|t 0
|e PR6055.D89 T6 1980
|h Library of Congress classification
|i unmediated -- volume
|m A14806067803
|
| 998 |
f |
f |
|a PR6055.D89 T6 1980
|t 0
|l Cushing: Science Fiction (Does not check out)
|